[Event "13th Parsvnath Open"]
[Site "New Delhi IND"]
[Date "2015.01.14"]
[Round "8.2"]
[White "Mozharov, Mikhail"]
[Black "Narayanan, Srinath"]
[Result "1-0"]
[WhiteTitle "GM"]
[BlackTitle "IM"]
[WhiteElo "2557"]
[BlackElo "2477"]
[WhiteFideId "4189825"]
[BlackFideId "5018420"]
[EventDate "2015.01.09"]

1. c4 c5 2. Nf3 Nc6 3. Nc3 e5 4. e3 Nf6 5. d4 e4 6. d5 exf3 7. dxc6 dxc6 8.
Qxd8+ Kxd8 9. gxf3 Bd6 10. b3 Kc7 11. Bb2 Re8 12. Bd3 Be6 13. O-O-O g6 14. Rd2
a6 15. Rhd1 Be7 16. Na4 b6 17. Nc3 Red8 18. Ne2 Nh5 19. Ng3 Nxg3 20. fxg3 b5 21.
Bc3 Kb6 22. Be2 Rxd2 23. Rxd2 b4 24. Be5 a5 25. f4 a4 26. Bd1 f6 27. Bd6 Re8 28.
Bf3 Bf5 29. Bxe7 Rxe7 30. Re2 Bd3 31. Re1 f5 32. Bd1 axb3 33. axb3 Ra7 34. Kb2
Re7 35. Bf3 Re8 36. h3 Re7 37. g4 Re8 38. g5 Re7 39. h4 Re8 40. h5 Re7 41. Bd1
Ra7 42. hxg6 hxg6 43. Rh1 Re7 44. Rh3 Bf1 45. Rh6 Rxe3 46. Rxg6 Re4 47. Bf3 Rxf4
48. Rxc6+ Ka7 49. Bd5 Rg4 50. Rxc5 Rxg5 51. Ra5+ Kb8 52. Rb5+ Kc8 53. Rxb4 f4
54. Rb6 Bg2 55. Bxg2 Rxg2+ 56. Kc3 Kd7 57. Rf6 Rf2 58. c5 Ke7 59. Rd6 f3 60. Rd3
Rf1 61. Kb4 Ke6 62. Kb5 Ke5 63. c6 Ke4 64. Rc3 Rb1 65. c7 f2 66. c8=Q f1=Q+ 67.
Qc4+ Qxc4+ 68. Rxc4+ Kd5 69. b4 Rb2 70. Rc1 Kd6 71. Ka5 Ra2+ 72. Kb6 Ra8 73.
Rd1+ 1-0

[Event "13th Parsvnath Open"]
[Site "New Delhi IND"]
[Date "2015.01.14"]
[Round "8.3"]
[White "Nguyen, Van Huy"]
[Black "Grover, Sahaj"]
[Result "1-0"]
[WhiteTitle "IM"]
[BlackTitle "GM"]
[WhiteElo "2445"]
[BlackElo "2528"]
[WhiteFideId "12401064"]
[BlackFideId "5021103"]
[EventDate "2015.01.09"]

1. Nf3 Nf6 2. c4 e6 3. g3 d5 4. Bg2 d4 5. O-O c5 6. d3 Nc6 7. Na3 e5 8. Nc2 h6
9. e3 dxe3 10. fxe3 e4 11. dxe4 Bd6 12. e5 Nxe5 13. Nxe5 Bxe5 14. Qxd8+ Kxd8 15.
Ne1 Ke7 16. Nd3 Bd6 17. b3 Rd8 18. Ba3 Rb8 19. e4 Ng4 20. e5 Nxe5 21. Nxe5 Bxe5
22. Rae1 f6 23. Bxc5+ Ke8 24. Bd5 Bh3 25. Rxe5+ fxe5 26. Rf8+ Kd7 27. Rf7+ Kc8
28. Bxa7 b5 29. Bxb8 bxc4 30. bxc4 Kxb8 31. Rxg7 Rd6 32. Kf2 Ra6 33. Rb7+ Kc8
34. Rb2 Ra3 35. c5 Rc3 36. c6 Kc7 37. Bf3 Bf5 38. Re2 Kd6 39. g4 Bd3 40. Re3
Rc2+ 41. Kg3 Bb5 42. Rb3 Bc4 43. Rb7 Rc3 44. Rd7+ Ke6 45. Rd8 Bb5 46. c7 Rxc7
47. Rh8 Rc3 48. Rxh6+ Ke7 49. Kf2 Rc2+ 50. Ke3 Rc3+ 51. Kf2 Rc2+ 52. Kg3 Rc3 53.
Rb6 Bc4 54. Kf2 Rc2+ 55. Ke3 Rxh2 56. a4 Ra2 57. Rb4 Ra3+ 58. Ke4 Bb3 59. Kxe5
Bxa4 60. Rb7+ Kf8 61. Bd5 Be8 62. Kf6 Rd3 63. Be6 Rf3+ 64. Bf5 Rf2 65. Rb8 Rf1
66. g5 Re1 67. Ra8 Re2 68. Rb8 Re1 69. Bd3 Re3 70. Bb5 Rf3+ 71. Ke5 Re3+ 72. Kf4
Re1 73. g6 Re6 74. Bxe8 Kg7 75. Kf5 Rf6+ 76. Ke5 Rf2 77. Rb7+ Kg8 78. Bc6 1-0

[Event "13th Parsvnath Open"]
[Site "New Delhi IND"]
[Date "2015.01.14"]
[Round "8.4"]
[White "Deepan, Chakkravarthy J."]
[Black "Nitin, S."]
[Result "1-0"]
[WhiteTitle "GM"]
[BlackTitle "IM"]
[WhiteElo "2484"]
[BlackElo "2355"]
[WhiteFideId "5011132"]
[BlackFideId "5018277"]
[EventDate "2015.01.09"]

1. e4 e5 2. Nf3 d6 3. d4 exd4 4. Nxd4 Nf6 5. Nc3 g6 6. g3 Bg7 7. Bg2 O-O 8. O-O
Re8 9. h3 Nbd7 10. Re1 a6 11. Bf4 Rb8 12. Qd2 Ne5 13. Rad1 Bd7 14. b3 Qc8 15. g4
h5 16. f3 hxg4 17. hxg4 Nh7 18. Kf2 Nf6 19. Rh1 c5 20. Nde2 c4 21. b4 a5 22. a3
axb4 23. axb4 Qd8 24. Kg3 d5 25. exd5 Qb6 26. d6 Qxb4 27. Bh6 Bh8 28. Bg5 Re6
29. Rxh8+ 1-0

[Event "13th Parsvnath Open"]
[Site "New Delhi IND"]
[Date "2015.01.14"]
[Round "8.5"]
[White "Demchenko, Anton"]
[Black "Karthikeyan, P."]
[Result "1-0"]
[WhiteTitle "GM"]
[BlackTitle "IM"]
[WhiteElo "2611"]
[BlackElo "2435"]
[WhiteFideId "4160258"]
[BlackFideId "5018226"]
[EventDate "2015.01.09"]

1. e4 c5 2. Nf3 d6 3. d4 cxd4 4. Nxd4 Nf6 5. Nc3 a6 6. g3 Bg4 7. f3 Bd7 8. Be3
Nc6 9. Qd2 e6 10. O-O-O b5 11. g4 Nxd4 12. Qxd4 e5 13. Qd2 b4 14. Ne2 Qa5 15.
Kb1 Be6 16. Nc1 Rb8 17. h4 Be7 18. h5 Nd7 19. g5 Qc7 20. Bh3 a5 21. Qg2 Bxh3 22.
Rxh3 Rc8 23. Nd3 Nb6 24. b3 Nd7 25. f4 Qc6 26. f5 Kd8 27. Nb2 Kc7 28. Nc4 a4 29.
h6 1-0

[Event "13th Parsvnath Open"]
[Site "New Delhi IND"]
[Date "2015.01.14"]
[Round "8.6"]
[White "David, Alberto"]
[Black "Himanshu, Sharma"]
[Result "1-0"]
[WhiteTitle "GM"]
[BlackTitle "IM"]
[WhiteElo "2572"]
[BlackElo "2427"]
[WhiteFideId "4000013"]
[BlackFideId "5007836"]
[EventDate "2015.01.09"]

1. e4 c5 2. Nf3 Nc6 3. Nc3 e6 4. d4 cxd4 5. Nxd4 Qc7 6. Be2 a6 7. O-O Nf6 8. Be3
Be7 9. f4 d6 10. Kh1 O-O 11. a4 Re8 12. Bf3 Bd7 13. Nb3 b6 14. g4 Bc8 15. g5 Nd7
16. Bg2 Bf8 17. Rf3 Rb8 18. Qe1 g6 19. Qh4 Nb4 20. Rc1 Bb7 21. Rh3 h6 22. gxh6
Kh7 23. Nd4 Qd8 24. Qg3 Be7 25. f5 exf5 26. exf5 Bh4 27. Qg4 Bxg2+ 28. Qxg2 Qe7
29. Ne6 Ne5 30. fxg6+ Nxg6 31. Ng7 Rg8 32. Rf1 d5 33. Bd4 Rb7 34. Nf5 Qd8 35.
Nxh4 Nxh4 36. Qf2 Ng6 37. Qxf7+ 1-0

[Event "13th Parsvnath Open"]
[Site "New Delhi IND"]
[Date "2015.01.14"]
[Round "8.7"]
[White "Cruz, Cristhian"]
[Black "Ramnath Bhuvanesh, R"]
[Result "1-0"]
[WhiteTitle "GM"]
[BlackTitle "IM"]
[WhiteElo "2546"]
[BlackElo "2405"]
[WhiteFideId "3801969"]
[BlackFideId "5026598"]
[EventDate "2015.01.09"]

1. d4 Nf6 2. c4 d6 3. Nc3 Bf5 4. f3 e5 5. e4 exd4 6. Qxd4 Nc6 7. Qd2 Be6 8. b3
g6 9. Bb2 Bg7 10. Bd3 O-O 11. Nge2 Nd7 12. O-O Nc5 13. Bc2 a6 14. f4 Bg4 15. Ng3
h5 16. Bd1 Bxd1 17. Raxd1 h4 18. Nge2 a5 19. f5 Ne5 20. Nd5 Nxe4 21. Qc2 c6 22.
Qxe4 cxd5 23. Qxd5 1-0

[Event "13th Parsvnath Open"]
[Site "New Delhi IND"]
[Date "2015.01.14"]
[Round "8.8"]
[White "Satyapragyan, Swayangsu"]
[Black "Nguyen, Duc Hoa"]
[Result "1/2-1/2"]
[WhiteTitle "IM"]
[BlackTitle "GM"]
[WhiteElo "2410"]
[BlackElo "2518"]
[WhiteFideId "5004306"]
[BlackFideId "12401358"]
[EventDate "2015.01.09"]

1. e4 e5 2. Bc4 Nf6 3. d3 Nc6 4. Nf3 Be7 5. O-O O-O 6. Bb3 d6 7. c3 Bg4 8. Nbd2
Qd7 9. h3 Be6 10. Bc2 h6 11. Re1 Rfe8 12. Nf1 Bf8 13. Ng3 d5 14. Ba4 Bd6 15. Nh4
Be7 16. Nf3 Bd6 17. Nh4 Be7 18. Nf3 Bd6 19. d4 Be7 1/2-1/2

[Event "13th Parsvnath Open"]
[Site "New Delhi IND"]
[Date "2015.01.14"]
[Round "8.9"]
[White "Krishna, C.R.G."]
[Black "Debashis, Das"]
[Result "1/2-1/2"]
[BlackTitle "GM"]
[WhiteElo "2350"]
[BlackElo "2503"]
[WhiteFideId "5018625"]
[BlackFideId "5024854"]
[EventDate "2015.01.09"]

1. d4 e6 2. Nf3 f5 3. g3 Nf6 4. Bg2 d5 5. O-O Bd6 6. b3 Qe7 7. c4 c6 8. Bb2 b6
9. Qc1 Bb7 10. Ba3 Nbd7 11. Bxd6 Qxd6 12. Qa3 c5 13. cxd5 exd5 14. Nc3 O-O 15.
Rfd1 f4 16. Rac1 a6 17. Qa4 fxg3 18. hxg3 Rae8 19. dxc5 bxc5 20. Qh4 Kh8 21. Ng5
h6 22. Nh3 Kh7 23. Nxd5 Bxd5 1/2-1/2

[Event "13th Parsvnath Open"]
[Site "New Delhi IND"]
[Date "2015.01.14"]
[Round "8.10"]
[White "Neverov, Valeriy"]
[Black "Rathnakaran, K."]
[Result "0-1"]
[WhiteTitle "GM"]
[BlackTitle "IM"]
[WhiteElo "2501"]
[BlackElo "2387"]
[WhiteFideId "14100150"]
[BlackFideId "5005507"]
[EventDate "2015.01.09"]

1. d4 Nf6 2. c4 c5 3. d5 e6 4. Nc3 exd5 5. cxd5 d6 6. e4 g6 7. Nge2 Bg7 8. Ng3
O-O 9. Bd3 a6 10. a4 Nbd7 11. O-O h5 12. Bg5 Ne5 13. f4 Nxd3 14. Qxd3 Qc7 15. f5
Nh7 16. Bf4 h4 17. Nge2 g5 18. Bd2 Qe7 19. g3 Bd7 20. gxh4 gxh4 21. Kh1 b5 22.
Rf4 b4 23. Rg1 Kh8 24. Rxg7 Kxg7 25. f6+ Nxf6 26. Rxh4 Rh8 27. Qg3+ Ng4 28.
Rxg4+ Bxg4 29. Qxg4+ Kf8 30. Bg5 f6 31. Qf5 Rh5 32. Qxf6+ Qxf6 33. Bxf6 Kf7 34.
Nf4 bxc3 35. bxc3 Rxh2+ 36. Kxh2 Kxf6 37. Nd3 Re8 38. Nf2 Ke5 39. Kg3 Rf8 40.
Kg2 Kf4 41. Kg1 Ke3 0-1

[Event "13th Parsvnath Open"]
[Site "New Delhi IND"]
[Date "2015.01.14"]
[Round "8.11"]
[White "Kunte, Abhijit"]
[Black "Ravi, Teja S."]
[Result "1-0"]
[WhiteTitle "GM"]
[WhiteElo "2486"]
[BlackElo "2338"]
[WhiteFideId "5002265"]
[BlackFideId "5017220"]
[EventDate "2015.01.09"]

1. d4 d5 2. c4 c6 3. Nc3 Nf6 4. e3 a6 5. Nf3 Bf5 6. Bd2 e6 7. Nh4 Bg4 8. Qb3 b5
9. cxd5 cxd5 10. h3 Bh5 11. Rc1 Bd6 12. g4 Bg6 13. Nxg6 hxg6 14. g5 Ng8 15. e4
b4 16. Na4 dxe4 17. d5 Ne7 18. dxe6 Nbc6 19. exf7+ Kf8 20. Be3 Ne5 21. Be2 Nf5
22. Rd1 Nd3+ 23. Bxd3 Nxe3 24. fxe3 exd3 25. Qxd3 Bg3+ 26. Ke2 Qxg5 27. Nb6 Bc7
28. Nd7+ Kxf7 29. Qc4+ Ke7 30. Qe4+ 1-0

[Event "13th Parsvnath Open"]
[Site "New Delhi IND"]
[Date "2015.01.14"]
[Round "8.12"]
[White "Swathi, Ghate"]
[Black "Neelotpal, Das"]
[Result "0-1"]
[WhiteTitle "WGM"]
[BlackTitle "GM"]
[WhiteElo "2188"]
[BlackElo "2437"]
[WhiteFideId "5003474"]
[BlackFideId "5003512"]
[EventDate "2015.01.09"]

1. e4 c5 2. Nf3 e6 3. d4 cxd4 4. Nxd4 a6 5. c4 Nf6 6. Nc3 Qc7 7. a3 b6 8. Be2
Bb7 9. Qd3 d6 10. f4 Nbd7 11. b4 Rd8 12. Nb3 g6 13. Be3 Nb8 14. Rc1 Bg7 15. O-O
O-O 16. Bf3 Rfe8 17. Rfd1 Bf8 18. Na4 Nbd7 19. Nd2 e5 20. f5 gxf5 21. Nc3 f4 22.
Bf2 Rc8 23. Nd5 Nxd5 24. exd5 Bg7 25. Qf5 Nf8 26. Ne4 Rcd8 27. Nf6+ Bxf6 28.
Qxf6 Ng6 29. h4 Rb8 30. h5 Qe7 31. Qxe7 Nxe7 32. Bxb6 Bxd5 33. Bc7 Bxf3 34. gxf3
Rbc8 35. Bxd6 Nf5 36. c5 f6 37. a4 Red8 38. Ra1 Nxd6 39. cxd6 Kf7 40. b5 Ke6 41.
bxa6 Ra8 42. Rab1 Rxa6 43. Rb7 Rdxd6 44. Rxd6+ Kxd6 45. Rxh7 Rxa4 46. h6 Ra8 47.
Rb7 Rh8 48. h7 Ke6 49. Kf2 f5 50. Ke2 Kf6 51. Rb6+ Kg5 52. Re6 Rxh7 53. Rxe5
Rh2+ 54. Kf1 Kh4 55. Rxf5 Kg3 56. Ra5 Rb2 57. Ra3 Rb1+ 58. Ke2 Kg2 59. Rc3 Rb8
60. Ra3 Re8+ 61. Kd2 Kf2 62. Ra4 Rd8+ 63. Kc2 Kxf3 0-1

[Event "13th Parsvnath Open"]
[Site "New Delhi IND"]
[Date "2015.01.14"]
[Round "8.13"]
[White "Gagare, Shardul"]
[Black "Navalgund, Niranjan"]
[Result "1/2-1/2"]
[WhiteTitle "IM"]
[WhiteElo "2437"]
[BlackElo "2309"]
[WhiteFideId "5037883"]
[BlackFideId "5030854"]
[EventDate "2015.01.09"]

1. d4 Nf6 2. c4 g6 3. Nc3 Bg7 4. Nf3 O-O 5. g3 d6 6. Bg2 Nc6 7. O-O a6 8. Bf4
Rb8 9. Rc1 h6 10. h3 g5 11. Be3 g4 12. hxg4 Nxg4 13. Qd2 Nxe3 14. Qxe3 e5 15.
dxe5 Re8 16. Rfd1 Nxe5 17. Nxe5 Rxe5 18. Qd3 h5 19. f4 Re8 20. Bf3 h4 21. g4 c5
22. e3 b5 23. cxb5 axb5 24. g5 Qd7 25. Nd5 Qh3 26. Qf1 Qg3+ 27. Qg2 Bxb2 28.
Qxg3 hxg3 29. Rc2 Bg7 30. Rg2 Bf5 31. Rxg3 Kf8 32. Bg4 Be6 1/2-1/2

[Event "13th Parsvnath Open"]
[Site "New Delhi IND"]
[Date "2015.01.14"]
[Round "8.14"]
[White "Krishna Teja, N"]
[Black "Sunilduth Lyna, Narayanan"]
[Result "1/2-1/2"]
[BlackTitle "IM"]
[WhiteElo "2158"]
[BlackElo "2437"]
[WhiteFideId "5001498"]
[BlackFideId "5058422"]
[EventDate "2015.01.09"]

1. Nf3 g6 2. d4 Bg7 3. g3 c5 4. c3 Qa5 5. Bg2 cxd4 6. Nxd4 Nc6 7. O-O Nf6 8. b3
O-O 9. Bb2 d5 10. c4 Nxd4 11. Bc3 Nxe2+ 12. Qxe2 Qc5 13. cxd5 Bg4 14. Qc4 Qd6
15. Nd2 Rac8 16. Qd4 Rxc3 17. Qxc3 Nxd5 18. Qc4 Bxa1 19. Qxg4 Nf6 20. Qe2 Bc3
21. Nc4 Qa6 22. Qxe7 b5 23. Nd6 b4 24. Bh3 Nd5 25. Qd7 Nf6 26. Qe7 Nd5 27. Qd7
Nf6 1/2-1/2

[Event "13th Parsvnath Open"]
[Site "New Delhi IND"]
[Date "2015.01.14"]
[Round "8.15"]
[White "Visakh, NR"]
[Black "Brunello, Sabino"]
[Result "0-1"]
[BlackTitle "GM"]
[WhiteElo "2346"]
[BlackElo "2552"]
[WhiteFideId "25012223"]
[BlackFideId "813613"]
[EventDate "2015.01.09"]

1. d4 d5 2. c4 c6 3. Nf3 Nf6 4. e3 Bf5 5. Bd3 Bg6 6. Nc3 e6 7. O-O Nbd7 8. Qe2
Ne4 9. Nd2 Ndf6 10. f3 Nxd2 11. Bxd2 Be7 12. c5 Bxd3 13. Qxd3 e5 14. b4 Nd7 15.
b5 O-O 16. bxc6 bxc6 17. Ne2 Bf6 18. Rab1 Re8 19. Ng3 g6 20. Rb7 Qc8 21. Rfb1
exd4 22. exd4 Nf8 23. Ne2 Ne6 24. Be3 Bd8 25. R7b3 Bc7 26. Bf2 Ng7 27. Ng3 h5
28. R3b2 h4 29. Nf1 Nf5 30. Re2 Rxe2 31. Qxe2 Bd8 32. Qd2 Qa6 33. g4 hxg3 34.
hxg3 Bc7 35. Kg2 Re8 36. Re1 Rxe1 37. Bxe1 Bd8 38. Bf2 Bf6 39. Ne3 Nxe3+ 40.
Bxe3 Qa4 41. Bf2 Bg7 42. Kh2 Kh7 43. Kg2 a5 44. Kh2 Kg8 45. Kg2 Qb5 46. g4 a4
47. Qe3 Qb2 48. Qe8+ Kh7 49. Qxf7 Qxa2 50. Qe7 a3 51. Qh4+ Kg8 52. Qd8+ Kh7 53.
Qh4+ Kg8 54. Qd8+ Bf8 55. Qa8 Qb2 56. Qxc6 Kh7 57. f4 Qe2 58. f5 Qxg4+ 59. Bg3
a2 60. Qb7+ Bg7 61. Qa7 Qe4+ 62. Kh2 Qc2+ 63. Kh3 Qxf5+ 64. Kh2 Qh5+ 65. Kg2
Qe2+ 66. Bf2 Qe4+ 67. Kh2 Qb1 68. Qe7 Qd1 69. Qh4+ Qh5 0-1

[Event "13th Parsvnath Open"]
[Site "New Delhi IND"]
[Date "2015.01.14"]
[Round "8.16"]
[White "Sangma, Rahul"]
[Black "Rombaldoni, Axel"]
[Result "0-1"]
[WhiteTitle "IM"]
[BlackTitle "GM"]
[WhiteElo "2289"]
[BlackElo "2509"]
[WhiteFideId "5013615"]
[BlackFideId "815837"]
[EventDate "2015.01.09"]

1. e4 e6 2. d4 d5 3. Nd2 Nf6 4. e5 Nfd7 5. f4 c5 6. Ngf3 Nc6 7. Nb3 cxd4 8.
Nfxd4 Nc5 9. Be3 Nxd4 10. Bxd4 b6 11. h4 Be7 12. Qg4 O-O 13. h5 a5 14. Rh3 f5
15. Qf3 Bd7 16. c4 Bc6 17. Qe3 dxc4 18. Nxc5 bxc5 19. Bxc5 Bd5 20. h6 Rf7 21.
O-O-O c3 22. bxc3 Rc8 23. Bxe7 Qxe7 24. Qb6 Qa3+ 25. Qb2 Qa4 26. c4 Bxc4 27. Rc3
Rfc7 28. Rd4 gxh6 29. Qb6 Kf7 30. Qb2 h5 31. g3 Kg6 32. Be2 Bb3 33. Bxh5+ Kxh5
34. Qh2+ Kg6 35. Rxa4 Rxc3+ 36. Kb1 0-1

[Event "13th Parsvnath Open"]
[Site "New Delhi IND"]
[Date "2015.01.14"]
[Round "8.17"]
[White "Ajay Krishna, S"]
[Black "Shyam, Sundar M."]
[Result "1/2-1/2"]
[BlackTitle "GM"]
[WhiteElo "2187"]
[BlackElo "2489"]
[WhiteFideId "5096430"]
[BlackFideId "5019141"]
[EventDate "2015.01.09"]

1. d4 Nf6 2. Nf3 c5 3. d5 d6 4. Nc3 g6 5. e4 Bg7 6. Bb5+ Bd7 7. a4 O-O 8. O-O
Bg4 9. h3 Bxf3 10. Qxf3 Nbd7 11. Bf4 Nh5 12. Bh2 a6 13. Be2 Qa5 14. Qd3 c4 15.
Qe3 Qc5 16. Qxc5 Nxc5 17. Bxc4 Rfc8 18. Rfe1 Nd7 19. Bd3 Rxc3 20. bxc3 Bxc3 21.
Kf1 Rc8 22. Rab1 Bxe1 23. Kxe1 Rc7 24. Kd2 Kf8 25. f4 Nhf6 26. Bg1 Ke8 27. c4 e5
28. Bh2 exf4 29. Bxf4 Ke7 30. Bg5 Ke8 31. Bf4 Ke7 32. Bg5 Ke8 33. Bf4 Ke7 34.
Bg5 Ke8 35. c5 1/2-1/2

[Event "13th Parsvnath Open"]
[Site "New Delhi IND"]
[Date "2015.01.14"]
[Round "8.18"]
[White "Kunal, M."]
[Black "Thejkumar, M. S."]
[Result "0-1"]
[BlackTitle "IM"]
[WhiteElo "2336"]
[BlackElo "2459"]
[WhiteFideId "5018250"]
[BlackFideId "5009154"]
[EventDate "2015.01.09"]

1. Nf3 d5 2. g3 c6 3. Bg2 Nf6 4. O-O Bf5 5. b3 e6 6. Bb2 Be7 7. d3 h6 8. Nbd2
O-O 9. Re1 a5 10. a4 Bh7 11. e4 Na6 12. e5 Nd7 13. Nd4 Qb6 14. f4 c5 15. Nb5 c4+
16. Bd4 Bc5 17. Bxc5 Ndxc5 18. d4 cxb3 19. dxc5 Nxc5 20. Kh1 bxc2 21. Qe2 Nd3
22. Nb3 Nxe1 23. Rxe1 Rac8 24. g4 Rc4 25. f5 Rxa4 26. Nc1 Rb4 27. Nd6 Rb2 28. g5
hxg5 29. fxe6 fxe6 30. Bh3 Be4+ 31. Nxe4 dxe4 32. Qh5 Qc6 33. Qg6 Rb6 34. Bg2
Qe8 35. Qxg5 Rf5 36. Qg3 Rb4 37. Rg1 Qf7 38. Qc3 Rf2 39. Qc8+ Kh7 40. Qd8 Qf4
41. Qe8 Rxg2 42. Qh5+ Qh6 43. Qxh6+ Kxh6 44. Kxg2 b5 45. Kf2 Rb1 46. Ke2 b4 47.
Kd2 b3 0-1

[Event "13th Parsvnath Open"]
[Site "New Delhi IND"]
[Date "2015.01.14"]
[Round "8.19"]
[White "Shyam, Nikil P."]
[Black "Gusain, Himal"]
[Result "0-1"]
[WhiteTitle "IM"]
[WhiteElo "2455"]
[BlackElo "2322"]
[WhiteFideId "5024218"]
[BlackFideId "5033861"]
[EventDate "2015.01.09"]

1. e4 e5 2. Nf3 Nc6 3. Bc4 Nf6 4. d3 Be7 5. O-O O-O 6. Re1 d6 7. a4 Na5 8. Ba2
c5 9. Nbd2 Be6 10. Nf1 Bxa2 11. Rxa2 Nc6 12. Ra1 Re8 13. c3 h6 14. Qb3 Qd7 15.
Ne3 Rad8 16. c4 Nh7 17. Qd1 Bf8 18. h4 Ne7 19. h5 f5 20. Nh4 f4 21. Nef5 Nxf5
22. Nxf5 Nf6 23. g3 Qf7 24. gxf4 Nxh5 25. Qg4 Kh7 26. fxe5 dxe5 27. Ra3 Re6 28.
Kf1 Rf6 29. Re2 Kh8 30. Qh4 Nf4 31. Bxf4 exf4 32. f3 Kh7 33. Rh2 Bd6 34. Qg5 Re8
35. Nxd6 Rxd6 36. Qxc5 Qf6 37. Rc3 Re5 38. Qf2 Rg5 39. Rg2 Rxg2 40. Qxg2 Qe5 41.
Ke2 Rb6 42. Kd1 Qa5 43. Qc2 Rg6 44. Qb3 Rg1+ 45. Kc2 Qh5 46. Qxb7 Qxf3 47. Kb3
Qd1+ 48. Kb4 Qe2 49. Qxa7 Qxb2+ 50. Rb3 Qd2+ 51. Kb5 Rg5+ 52. c5 f3 53. Qf7 f2
54. Ka6 Qe1 55. Rb8 Rg6+ 56. c6 Rxc6+ 57. Kb5 f1=Q 58. Qg8+ Kg6 59. Qe8+ Qf7 60.
Qxc6+ Kh7 61. Ka6 Qef2 62. Rb6 Qd4 63. Qb5 Qf1 64. a5 Qfxd3 65. e5 Q3e4 66. Ka7
Qexe5 67. Qxe5 Qxe5 68. a6 h5 69. Kb7 Qe7+ 70. Kb8 Qc5 71. Kb7 Qd5+ 72. Kb8 h4
73. a7 h3 74. a8=Q Qxa8+ 75. Kxa8 g5 76. Rb1 g4 77. Rh1 Kg6 78. Kb7 Kg5 79. Kc6
Kh4 80. Kd5 g3 0-1

[Event "13th Parsvnath Open"]
[Site "New Delhi IND"]
[Date "2015.01.14"]
[Round "8.20"]
[White "Saptarshi, Roy"]
[Black "Pradeep, Kumar R.A."]
[Result "1-0"]
[WhiteTitle "IM"]
[WhiteElo "2448"]
[BlackElo "2291"]
[WhiteFideId "5008980"]
[BlackFideId "5023181"]
[EventDate "2015.01.09"]

1. e4 c5 2. Nf3 Nc6 3. Bc4 g6 4. c3 Bg7 5. O-O d6 6. d4 Nf6 7. d5 Nb8 8. Re1 O-O
9. h3 Na6 10. Bf4 Nc7 11. a4 Nfe8 12. Na3 e5 13. dxe6 Bxe6 14. Qd2 Qd7 15. Bxe6
Nxe6 16. Nc4 Nxf4 17. Qxf4 Qe6 18. e5 dxe5 19. Ncxe5 Qc8 20. Rad1 Nf6 21. Rd6
Qf5 22. Qxf5 gxf5 23. Nd7 Ne4 24. Rdd1 Rfe8 25. Nh4 Re6 26. Nxf5 b6 27. h4 Rae8
28. f3 Nf6 29. Nh6+ Kh8 30. Nxf7+ Kg8 31. Nh6+ Kh8 32. Rxe6 Rxe6 33. Nf5 Ne8 34.
Kf2 Kg8 35. Rd5 Kf7 36. Nxg7 Kxg7 37. Rg5+ Kf7 38. Ne5+ Ke7 39. Nc4 a6 40. Ne3
Kd6 41. g4 Kc6 42. h5 b5 43. axb5+ Kxb5 44. b4 Rc6 45. Re5 Ng7 46. h6 Ne6 47.
Kg3 Ka4 48. Nd5 Nd8 49. g5 Kb3 50. f4 Kc4 51. Ne7 Rc7 52. Re4+ Kd3 53. Kf3 cxb4
54. cxb4 Rc1 55. Re3+ Kc4 56. Ra3 Rf1+ 57. Kg4 Ne6 58. Rf3 Rg1+ 59. Rg3 Rh1 60.
f5 Nf8 61. Nc6 Kd5 62. Nb8 Ke4 63. Nxa6 Rb1 64. Nc5+ Kd5 65. Rd3+ Ke5 66. Rd8
Rxb4+ 67. Kh5 Rb5 68. Rxf8 Rxc5 69. g6 hxg6+ 70. Kxg6 Rc1 71. h7 Kd5 1-0

[Event "13th Parsvnath Open"]
[Site "New Delhi IND"]
[Date "2015.01.14"]
[Round "8.21"]
[White "Lazarev, Vladimir"]
[Black "Abhishek, Kelkar"]
[Result "1/2-1/2"]
[WhiteTitle "GM"]
[WhiteElo "2379"]
[BlackElo "2280"]
[WhiteFideId "4113250"]
[BlackFideId "5019257"]
[EventDate "2015.01.09"]

1. Nf3 d5 2. c4 c6 3. e3 Nf6 4. Qc2 a6 5. b3 g6 6. Bb2 Bg7 7. Be2 Bg4 8. O-O O-O
9. h3 Bxf3 10. Bxf3 Nbd7 11. d4 Rc8 12. Rd1 Re8 13. Nc3 e6 14. Rac1 Qc7 15. Qb1
Qb8 16. a4 Rcd8 17. Ba3 Rc8 18. Be2 Rcd8 19. b4 e5 20. dxe5 Nxe5 21. cxd5 Nxd5
22. Nxd5 Rxd5 23. Rxd5 cxd5 24. b5 axb5 25. Qxb5 d4 26. Bd6 Qd8 27. Bxe5 Bxe5
28. Rd1 Qe7 1/2-1/2

[Event "13th Parsvnath Open"]
[Site "New Delhi IND"]
[Date "2015.01.14"]
[Round "8.22"]
[White "Kulkarni, Vikramaditya"]
[Black "Nath, Rupankar"]
[Result "1-0"]
[WhiteTitle "IM"]
[WhiteElo "2354"]
[BlackElo "2077"]
[WhiteFideId "5009847"]
[BlackFideId "5006724"]
[EventDate "2015.01.09"]

1. d4 d5 2. c4 c6 3. Nf3 e6 4. e3 Nf6 5. b3 Nbd7 6. Bb2 Be7 7. Bd3 O-O 8. O-O b6
9. Ne5 Nxe5 10. dxe5 Nd7 11. Qc2 h6 12. f4 Bb7 13. Nc3 f5 14. exf6 Nxf6 15. Qe2
Bd6 16. e4 d4 17. e5 dxc3 18. Bxc3 Bc5+ 19. Kh1 Ng4 20. Rad1 Ne3 21. b4 Nxd1 22.
Rxd1 Be7 23. Qe4 Rf5 24. g4 Qc7 25. c5 bxc5 26. bxc5 Bxc5 27. gxf5 Bd4 28. Rb1
Bb6 29. Qc4 c5+ 30. Be4 Rf8 31. f6 gxf6 32. exf6 Bxe4+ 33. Qxe4 Rf7 34. Rg1+ Kf8
35. Rg7 Qd7 36. Rxf7+ Qxf7 37. Qa8+ Qe8 38. Qb7 Qf7 39. Qc6 Qe8 40. Qd6+ Kg8 41.
h3 Qf7 42. Be5 Kh7 43. Kh2 h5 44. Qd3+ Kh6 45. Qd2 Kh7 46. Qd3+ Kh6 47. Qd2 Kh7
48. Qg2 c4 49. Qe4+ Kh6 50. Qxc4 Qg6 51. Qc1 Qf5 52. Qc8 Qg6 53. Qh8+ Qh7 54.
Qf8+ Kg6 55. Qc8 Qf7 56. Qc2+ Kh6 57. Qc8 Kg6 58. Kg3 h4+ 59. Kf3 a5 60. Qa8 Kh7
61. Qe4+ Kh6 62. Qd3 Qb7+ 63. Qe4 Qa6 64. Kg2 Qc8 65. f5 Qg8+ 66. Kf3 1-0

[Event "13th Parsvnath Open"]
[Site "New Delhi IND"]
[Date "2015.01.14"]
[Round "8.23"]
[White "Gupta, Abhijeet"]
[Black "Sahoo, Utkal Ranjan"]
[Result "1-0"]
[WhiteTitle "GM"]
[WhiteElo "2631"]
[BlackElo "2247"]
[WhiteFideId "5010608"]
[BlackFideId "5034566"]
[EventDate "2015.01.09"]

1. Nf3 d5 2. c4 e6 3. d4 Nf6 4. Nc3 Bb4 5. Bg5 h6 6. Bxf6 Qxf6 7. e3 O-O 8. Rc1
Rd8 9. Qb3 Bxc3+ 10. Rxc3 c6 11. Bd3 Nd7 12. O-O dxc4 13. Rxc4 e5 14. Bc2 exd4
15. Rxd4 Nf8 16. Rfd1 Rxd4 17. Rxd4 Qe7 18. Qd3 Be6 19. a3 Rc8 20. h3 c5 21. Rd6
Qf6 22. Qd2 Rc7 23. Ba4 a6 24. Qa5 Qe7 25. Rd2 b5 26. Bc2 Bc8 27. Be4 Rd7 28.
Rxd7 Qxd7 29. Ne5 Qe7 30. Qc3 Nd7 31. Nxd7 Bxd7 32. Bb7 Bxh3 33. Bxa6 Qg5 34.
Bb7 Be6 35. Qa5 Bc4 36. Bc6 Qg4 37. Qd8+ Kh7 38. b3 Be2 39. Qd5 Qe6 40. Qxe6
fxe6 41. a4 bxa4 42. bxa4 c4 43. f3 c3 44. Kf2 Ba6 45. Ke1 Bb7 1-0